000 00634nam a2200193Ia 4500
005 20250508162721.0
008 008 250505s9999 xx 000 0 eng d
037 _aTextual
040 _aFEDL
_beng
_cFEDL
041 _aeng
_2eng
084 _a928, IND
_qFEDL
245 0 _aPoets dramatists and story-tellers
245 0 _cIndia. Information and Broadcasting,(Ministry of ...)
260 _aNew Delhi, India
_bThe Director, Publications Division, Ministry of Information and Broadcasting
_c1980
300 _aix,181p
490 _aCulture leaders of India
942 _cTEXL
_h928, IND
999 _c1378272
_d1378272